Дело о взыскании подполковником Кашталинским с актера Григория Иваницкого-Климовского денег за квартиру

Доступно только в Электронных читальных залах Найти на картеНа карте
RUSMARC
00004036nmc2a22000003x 450
001adc6b511-edda-41a8-95af-737888b1162a
00520181009132447.0
100##$a20161220l18201820k l0rusy0189 ca
1010#$arus
102##$aRU
2001#$aДело о взыскании подполковником Кашталинским с актера Григория Иваницкого-Климовского денег за квартиру
$j18 мая - 7 октября 1820 г.
251##$cДело
300##$aДело
300##$aОриг. заголовок дела: Дело по просьбе подполковника Кашталинского о должных деньгах актёром Климовским. 18 мая 1820 г. - 7 октября 1820 г
801#0$aRU
$bРГИА
$c20161220
$gRCR
801#1$aRU
$bГлавНИВЦ
$c20161220
$2rusmarc
801#2$aRU
$bПБ им. Б.Н. Ельцина
$c20181009
$gRCR
$2rusmarc
850##$aРГИА
852##$aРГИА
$eФедеральное казенное учреждение "Российский государственный исторический архив" (РГИА)
$j2062
937##$hРГИА
$d12235000
$aASBIBLIO_SCAN
462#0$1001dd3991dc-24e1-42ec-8838-ca4255420416
$12001
$a1746-1850 гг.
$1251
$cОпись
$1852
$j1
461#0$10019264ebf8-de62-4f1a-9eb4-9f22098dbbd5
$12001
$aДирекция императорских театров МИДв
$1251
$cФонд
$1852
$j497
215##$a10 л.
$d36,5х26 см
371##$aДокумент не является опубликованным и широко распространяемым
105##$ay###
1222#$ad
5171#$aДело по просьбе подполковника Кашталинского о должных деньгах актёром Климовским. 18 мая 1820 г. - 7 октября 1820 г
035##$aadc6b511-edda-41a8-95af-737888b1162a
856##$uhttp://readingroom.main.prlib.ru/item.aspx?id_node=n119059593&mode=full
Формат отображения